USB flash disky test

Bibliographic Details
Main Author: Holeš, Michal (Author)
Format: Article
Language:Slovak
PhysicalDescription:Obr., tab.
ISSN:1335-0226
Subjects:

MARC

LEADER 00000nab a2200000 a 4500
001 vtls001518202
003 SK-MaSNL
005 20260304135815.0
008 250505c2004 xo mr|p|||||||000 b|slo
015 |a SNBRB2005/03  |2 snkbucl 
035 |a (uuid)89797e64-304c-4f41-9222-c9d63c0b9bae 
035 |a urn:nbn:sk:snk-abuqq 
035 |a (urnnbn)urn:nbn:sk:snk:ar-a05ehk 
038 |a SNKBUCL 
040 |a SNKBUCL  |b slo  |c SNKBUCL  |e AACR2 
041 0 |a slo 
044 |a xo  |c SK 
080 |a 004.087.2:004.324:366.624.4  |2 1997 
080 |a 366.624.4  |2 1997 
100 1 |a Holeš, Michal  |4 aut  |9 1078860 
245 1 0 |a USB flash disky  |b test  |c Michal Holeš 
300 |b Obr., tab. 
650 0 7 |a USB flash disky  |2 snkbucl  |9 1451127 
650 0 7 |a porovnávacie testy  |2 snkbucl  |9 870299 
773 0 |t PC revue  |g Roč. XII, č. 12 (2004), s. 78-81  |x 1335-0226 
850 |a Slovenská národná knižnica 
852 |a Slovenská národná knižnica 
954 |a odborná, vedecká literatúra pôvodná (slovenská)  |2 lita 
958 |a article27 
958 |a OND 
958 |a EUIPO 
999 |c 2912292  |d 2914222